Estudio sobre la obtención de silicio puro

Uloženo v:
Podrobná bibliografie
Hlavní autor: Quirós Mejía, Fernando
Další autoři: Chacón Prendas, Víctor Hugo, 1950- Director del TFG
Médium: Kniha
Vydáno: [San José , Costa Rica] 1976
Tagy: Přidat tag
Žádné tagy, Buďte první, kdo vytvoří štítek k tomuto záznamu!

MARC

LEADER 00000nam a2200000Ia 4500
003 IE0099
005 20231115140936.0
008 140116s1976 c a m 000 ||s d
040 |c cru CEDI 
090 |a TFG 99 
100 |a Quirós Mejía, Fernando  |9 18224 
245 |a Estudio sobre la obtención de silicio puro 
260 |a [San José , Costa Rica]  |c 1976 
300 |a 55 hojas  
500 |a A la cabeza de la portada. Universidad de Costa Rica. Facultad de Ingeniería. Escuela de Ingeniería Eléctrica. Proyecto de graduación 
501 |a Director de Proyecto de Graduación: Ing. Víctor Hugo Chacón Prendas 
700 |a Chacón Prendas, Víctor Hugo, 1950-  |d Director del TFG   |9 1776 
942 |c PIE  |h TFG 99  |i IE0099  |6 TFG_99_000000000000000_IE0099 
999 |c 13467  |d 13467